000 00759nam a2200217Ii 4500
003 JO-AjNU
008 230605s9999||||xx |||||||||||||| ||und||
017 _a142/1429
020 _a978-9960-59-106-3
040 _aJO-AjNU
_bara
_erda
_cJO-AjNU
041 _aara
050 1 4 _aDS811 2008
100 3 _aبقلم ناكاتا، حبيبة كاؤري؛ تقديم سمير عبد الحميد إبراهيم,
_eauthor
_949042
245 0 0 _aالعام الأول على درب الإسلام
264 3 1 _aالرياض: دار السلام،2008
300 _a59ص
336 _atext
_btxt
_2rdacontent
337 _aunmediated
_bn
_2rdamedia
338 _avolume
_bnc
_2rdacarrier
650 4 _aالمسلمون في اليابان - الاسلام
_949043
999 _aA21516
_c25084
_d25084